000 00556nam a2200193Ia 4500
003 GCL
008 140319s9999 xx 000 0 ara d
040 _aGCL /
_cGCL
082 0 4 _a843
_bس ر
100 1 _aسيمونون، جورج
245 1 0 _aراقصة الملهى /
_cسيمونون، جورج
250 _aالاولى
260 _a[S.N] :
_bصوت الناس ،
_c1993
300 _a360 ص ؛
_c16 سم
490 _aالسلسلة البوليسية
_v0
650 0 4 _aالادب
650 0 4 _aالقصة القصيرة
942 _2ddc
_cBK
999 _c55692
_d55692